Central Library OPAC University of Rajshahi

Neutron nuclear data evaluation : (Record no. 68427)

MARC details
000 -LEADER
fixed length control field 01119nam a2200277 a 4500
001 - CONTROL NUMBER
control field 68427
003 - CONTROL NUMBER IDENTIFIER
rucl marc code BD-RjUL
005 - DATE AND TIME OF LATEST TRANSACTION
control field 20211209081755.0
008 - FIXED-LENGTH DATA ELEMENTS--GENERAL INFORMATION
fixed length control field 170403s1973 au b i000 0 eng d
035 ## - SYSTEM CONTROL NUMBER
System control number (BD-RjUL)BD-RjUL
040 ## - CATALOGING SOURCE
Original cataloging agency CUY
Transcribing agency CUY
Modifying agency COO
-- EQO
Language of cataloging eng
041 ## - LANGUAGE CODE
Language code of text/sound track or separate title eng
082 ## - DEWEY DECIMAL CLASSIFICATION NUMBER
Edition number 23
Classification number 539.7213
Author mark and year NEU 1973
090 ## - LOCALLY ASSIGNED LC-TYPE CALL NUMBER (OCLC); LOCAL CALL NUMBER (OCLC)
Classification number (OCLC) (R) ; Classification number, CALL (RLIN) (NR) QC771
Local cutter number (OCLC) ; Book number/undivided call number, CALL (RLIN) .I61 no.146
111 2# - MAIN ENTRY--MEETING NAME
Meeting name or jurisdiction name as entry element Panel on Neutron Nuclear Data Evaluation
Date of meeting (1971 :
Location of meeting Vienna)
9 (RLIN) 202862
245 10 - TITLE STATEMENT
Title Neutron nuclear data evaluation :
Remainder of title summary of a Panel on Neutron Nuclear Data Evaluation held by the International Atomic Energy Agency, Vienna, 30 August to 3 September 1971 /
Statement of responsibility, etc. Panel on Neutron Nuclear Data Evaluation <1971, Wien>.
260 ## - PUBLICATION, DISTRIBUTION, ETC. (IMPRINT)
Place of publication, distribution, etc. Vienna :
Name of publisher, distributor, etc. International Atomic Energy Agency,
Date of publication, distribution, etc. 1973.
300 ## - PHYSICAL DESCRIPTION
Pagination 127 p. ;
Size 24 cm.
490 1# - SERIES STATEMENT
Series statement Technical reports series ;
Volume/sequential designation no. 146
504 ## - BIBLIOGRAPHY, ETC. NOTE
Bibliography, etc Includes bibliographical references.
650 #0 - SUBJECT ADDED ENTRY--TOPICAL TERM
Topical term or geographic name as entry element Neutrons
9 (RLIN) 202863
Topical term or geographic name as entry element Neutron flux standards
General subdivision Congresses.
9 (RLIN) 202864
710 2# - ADDED ENTRY--CORPORATE NAME
Corporate name or jurisdiction name as entry element International Atomic Energy Agency.
9 (RLIN) 153559
830 #0 - SERIES ADDED ENTRY--UNIFORM TITLE
Uniform title Technical reports series ;
Volume number/sequential designation no. 146.
942 ## - ADDED ENTRY ELEMENTS (KOHA)
Source of classification or shelving scheme Dewey Decimal Classification
Koha item type Books
Holdings
Lost status Source of classification or shelving scheme Damaged status Not for loan Collection code Permanent Location Current Location Shelving location Date acquired Source of acquisition Total Checkouts Full call number Date last seen Copy number Koha item type
  Dewey Decimal Classification   Not For Loan Non-fiction Central Library, University of Rajshahi Central Library, University of Rajshahi Reading Room 08/12/1977 Int. Atomic Energy Agency.   539.7213 NEU 1973 03/04/2017 C-1 Books